[Event "It (cat.12)"]
[Site "masterchessopen.com - Novi Sad (Yugoslavia)"]
[Round "0"]
[White "Ftacnik Lubomir (SVK)"]
[Black "Velimirovic Dragoljub (SRB)"]
[Result "1-0"]
[WhiteElo "2595"]
[BlackElo "2505"]

1.d4 Nf6 2.c4 c5 3.d5 g6 4.Nc3 Bg7 5.e4 O-O 6.Nf3 d6 7.Be2 e6 8.O-O exd5
9.cxd5 Re8 10.Nd2 Nbd7 11.a4 Ne5 12.Re1 Nfg4 13.Nf1 Nh6 14.Bd2 f5 15.Qc1 Nhf7
16.Ng3 a6 17.Qc2 fxe4 18.Ncxe4 h5 19.f4 Ng4 20.Bxg4 Bxg4 21.Bc3 Bd4+ 22.Bxd4
cxd4 23.Qd3 Rf8 24.Nf2 Nh8 25.Nxg4 hxg4 26.Re6 Qb6 27.Rae1 Rf7 28.f5 Qxb2
29.fxg6 Rf2 30.Re8+ Rf8 31.R8e7 Rf6 32.Ne4 Rf4 33.Ng3 Qc3 34.Qe2 Qc8 35.Nh5
Nxg6 36.Rg7+ {#r} 1-0

[Event "It (open)"]
[Site "masterchessopen.com - Ramsgate (England)"]
[Round "0"]
[White "De Boer Gert-Jan (NED)"]
[Black "Hodgson Julian M (ENG)"]
[Result "0-1"]
[WhiteElo "2430"]
[BlackElo "2609"]

1.d4 Nf6 2.c4 e6 3.Nf3 c5 4.d5 exd5 5.cxd5 d6 6.Nc3 g6 7.Nd2 Bg7 8.e4 O-O
9.Be2 Re8 10.O-O Nbd7 11.a4 a6 12.Ra3 Rb8 13.a5 Ne5 14.Re1 Nfg4 15.h3 Nxf2
16.Kxf2 Qh4+ 17.Kg1 Bxh3 18.Nf1 Ng4 19.g3 Qh5 20.Bxg4 Bxg4 21.Qc2 b5 22.axb6
Rxb6 23.Qh2 Bd4+ 24.Be3 Qe5 25.Qd2 Reb8 26.Bxd4 cxd4 27.Na4 Rb3 28.Rxb3 Rxb3
29.Qf4 Qxf4 30.gxf4 Bd7 31.Nd2 Rg3+ 32.Kf2 Rd3 33.Nb6 Rxd2+ 34.Re2 Rxe2+
35.Kxe2 Bb5+ 36.Kd2 h5 37.Nc8 h4 38.Nxd6 h3 39.Nxb5 axb5 40.d6 Kf8 {#R} 0-1

[Event "?"]
[Site "masterchessopen.com - Surakarta/Denpasar (Indonesia)"]
[Round "0"]
[White "Vladimirov Evgeny (KAZ)"]
[Black "Agapov K (RUS)"]
[Result "1-0"]
[WhiteElo "2601"]
[BlackElo "2395"]

1.d4 Nf6 2.c4 c5 3.d5 e6 4.Nc3 exd5 5.cxd5 d6 6.Nf3 g6 7.Nd2 Bg7 8.e4 O-O
9.Be2 Re8 10.O-O Nbd7 11.a4 Ne5 12.Re1 Nfg4 13.h3 Nxf2 14.Kxf2 Qh4+ 15.Kg1
Bxh3 16.Nf1 Ng4 17.g3 Qh5 18.Bxg4 Bxg4 19.Qc2 f5 20.Nh2 fxe4 21.Nxg4 Qxg4
22.Nxe4 Qf3 23.Bg5 Bd4+ 24.Kh2 Qh5+ 25.Bh4 Rf8 26.Qd1 Rf5 27.Qxh5 Rxh5 28.Rad1
Kg7 29.Kg2 Re5 30.Be7 Rf5 31.g4 Rf7 32.Bxd6 Re8 33.Nxc5 Rf2+ 34.Kg3 Rxe1
35.Rxe1 Bxc5 36.Bxc5 Rxb2 {#r} 1-0

[Event "It (open)"]
[Site "masterchessopen.com - Zurich (Switzerland)"]
[Round "0"]
[White "Kindermann Stefan (AUT)"]
[Black "Danner Georg (AUT)"]
[Result "1-0"]
[WhiteElo "2519"]
[BlackElo "2408"]

1.d4 Nf6 2.c4 c5 3.d5 e6 4.Nc3 exd5 5.cxd5 d6 6.e4 g6 7.Nf3 Bg7 8.Be2 O-O
9.O-O Re8 10.Nd2 Nbd7 11.f4 c4 12.Kh1 Nc5 13.e5 dxe5 14.fxe5 Rxe5 15.Nxc4 Rf5
16.Bf4 Nh5 17.Be3 Rxf1+ 18.Qxf1 Bxc3 19.bxc3 Ne4 20.Bxh5 Qh4 21.Qf3 gxh5
22.Bd4 Bf5 23.Kg1 Bg6 24.Ne5 Re8 25.Rf1 Nd2 26.Qf4 Qxf4 27.Rxf4 b6 28.d6 Re6
29.d7 Rd6 30.Rf6 Rd5 31.Rc6 {#r} 1-0

[Event "It (b)"]
[Site "masterchessopen.com - Reggio Emilia (Italy)"]
[Date "1984.01.01"]
[Round "9"]
[White "Huss Andreas (SUI)"]
[Black "Perenyi Bela (HUN)"]
[Result "1-0"]
[WhiteElo "2308"]
[BlackElo "2255"]

1.d4 Nf6 2.Nf3 g6 3.c4 Bg7 4.Nc3 O-O 5.e4 d6 6.Be2 c5 7.d5 e6 8.O-O exd5
9.cxd5 Re8 10.Nd2 Nbd7 11.a4 Ne5 12.Qc2 g5 13.Nc4 Nxc4 14.Bxc4 Ng4 15.Ne2 Qf6
16.Ra3 Qg6 17.Rg3 h5 18.f3 h4 19.Rxg4 Bxg4 20.fxg4 Qxe4 21.Qxe4 Rxe4 22.b3
Rae8 23.Rf2 Rxg4 24.h3 Rge4 25.Bxg5 Be5 26.Rf3 f6 27.Bd2 Bb2 28.Kf2 Kg7 29.Nf4
Rd4 30.Ne6+ Rxe6 31.dxe6 d5 32.e7 Kf7 33.Bb5 Kxe7 34.Be3 Rd1 35.Bxc5+ Ke6
36.Re3+ Be5 37.Be2 Rd2 38.Bxa7 d4 39.Re4 {#r} 1-0

[Event "It (open)"]
[Site "masterchessopen.com - Badenweiler (Germany)"]
[Round "1"]
[White "Haberer Michael"]
[Black "Kountz Jochen (GER)"]
[Result "0-1"]
[WhiteElo "2220"]
[BlackElo "2351"]

1.d4 Nf6 2.c4 e6 3.Nc3 c5 4.d5 exd5 5.cxd5 d6 6.e4 g6 7.Nf3 Bg7 8.Be2 O-O
9.O-O Re8 10.Nd2 a6 11.a4 Nbd7 12.Qc2 Rb8 13.h3 Nb6 14.f4 Nfxd5 15.Nxd5 Nxd5
16.exd5 Rxe2 17.Qd3 Bd4+ 18.Kh1 Re3 19.Qc2 Qh4 20.Nf3 Rxf3 {#R} 0-1

[Event "Ch Brazil"]
[Site "masterchessopen.com - Brasilia (Brazil)"]
[Round "6"]
[White "Gervasio Ricardo (BRA)"]
[Black "Tsuboi Edson Kenji (BRA)"]
[Result "0-1"]
[WhiteElo "2225"]
[BlackElo "2350"]

1.d4 Nf6 2.Nf3 e6 3.c4 c5 4.d5 exd5 5.cxd5 d6 6.Nc3 g6 7.e4 Bg7 8.Be2 O-O
9.O-O Re8 10.Nd2 Nbd7 11.f4 c4 12.Bxc4 Nc5 13.e5 dxe5 14.fxe5 Rxe5 15.Nf3 Bg4
16.Qd4 Rh5 17.Qxc5 Rc8 18.Qxa7 Rxc4 19.Qxb7 Qd6 20.g3 Qc5+ 21.Kh1 Rxc3 22.bxc3
Qxc3 23.Qb8+ Bf8 24.Ng1 Qd3 25.Qb3 Qxf1 26.Bb2 Qf2 27.h4 Ne4 {#R} 0-1

[Event "Memorial Elekes"]
[Site "masterchessopen.com - Budapest (Hungary)"]
[Round "0"]
[White "Kindermann Stefan (AUT)"]
[Black "Danner Georg (AUT)"]
[Result "1-0"]
[WhiteElo "2519"]
[BlackElo "2415"]

1.d4 Nf6 2.c4 c5 3.d5 e6 4.Nc3 exd5 5.cxd5 d6 6.e4 g6 7.Nf3 Bg7 8.Be2 O-O
9.O-O Re8 10.Nd2 Nbd7 11.a4 g5 12.Qc2 Ne5 13.Ra3 Qe7 14.Re1 Ng6 15.Nf1 Nf4
16.Ng3 Ng4 17.Nd1 Bd4 18.Bxg4 Bxg4 19.Ne3 Bxe3 20.Raxe3 f6 21.b3 Qf7 22.h3 Bh5
23.Nf5 Qd7 24.Qc3 Re5 25.Qc4 Rf8 26.Bb2 Ree8 27.Rg3 Qxf5 28.exf5 Rxe1+ 29.Kh2
Kf7 30.Re3 Rb1 31.Qc2 Rxb2 32.Qxb2 Kg7 33.Qd2 Bf7 34.Re7 Re8 35.Rxe8 Bxe8
36.g3 Nh5 37.Qa5 Kf8 38.Qxa7 Ng7 39.g4 h5 40.gxh5 Bxh5 41.Qb8+ {#r} 1-0

[Event "It"]
[Site "masterchessopen.com - Habana (Cuba)"]
[Round "2"]
[White "Dlugy Maxim (USA)"]
[Black "Vaisser Anatoly (FRA)"]
[Result "0-1"]
[WhiteElo "2495"]
[BlackElo "2515"]

1.d4 Nf6 2.c4 e6 3.Nf3 c5 4.d5 exd5 5.cxd5 d6 6.Nc3 g6 7.Nd2 Bg7 8.e4 O-O
9.Be2 Re8 10.O-O Nbd7 11.f4 c4 12.Kh1 Nc5 13.e5 dxe5 14.Nxc4 exf4 15.Bxf4 Nce4
16.Bf3 Nxc3 17.bxc3 Ne4 18.Qb3 b6 19.d6 Ba6 20.Bxe4 Rxe4 21.Nd2 Re8 22.Rfe1
Qd7 23.Nf3 Bb7 24.Nd4 h5 25.Rxe8+ Rxe8 26.Qb5 Qxb5 27.Nxb5 Bc6 28.Nd4 Ba4
29.Kg1 Be5 30.Rf1 Bd7 31.g3 Bg7 32.Kf2 Rc8 33.Ne2 Rc4 34.Rd1 Kf8 35.Rd3 Bf6
36.Be3 Ra4 37.Rd2 Ke8 38.Bd4 Bg5 39.Nf4 Bxf4 40.gxf4 Be6 41.Ke3 Kd7 42.Be5
Bxa2 43.f5 Bb1 {#R} 0-1

[Event "Memorial J.Capablanca (b)"]
[Site "masterchessopen.com - Habana (Cuba)"]
[Round "0"]
[White "Garcia Gonzales Guillermo (CUB)"]
[Black "Andres Miguel (CUB)"]
[Result "1-0"]
[WhiteElo "2440"]
[BlackElo "2385"]

1.d4 Nf6 2.c4 c5 3.d5 g6 4.Nc3 Bg7 5.e4 O-O 6.Nf3 d6 7.Be2 e6 8.O-O exd5
9.cxd5 Re8 10.Nd2 Nbd7 11.a4 Ne5 12.Qc2 g5 13.Nc4 Nxc4 14.Bxc4 Ng4 15.Ne2 Qf6
16.f3 Ne5 17.Bb5 Rf8 18.a5 a6 19.Ba4 Ng6 20.Qd2 h6 21.Rb1 Qd8 22.b4 cxb4
23.Qxb4 f5 24.Bb2 Ne5 25.Ba3 Nd3 26.Qxd6 Qxa5 27.Bc2 Rf6 28.Qe7 fxe4 29.fxe4
Rxf1+ 30.Rxf1 Qb6+ 31.Kh1 Nf2+ 32.Rxf2 Qxf2 33.Qe8+ Kh7 34.e5+ Bf5 35.Bxf5+
Qxf5 36.Qxa8 Qxe5 37.Ng1 Qxd5 38.Qc8 Qe4 39.Qd7 Kg6 40.Qd1 g4 41.Ne2 Be5
42.Ng3 Bxg3 43.hxg3 h5 44.Bb2 Qb4 45.Qd3+ Kf7 46.Qd7+ Qe7 47.Qf5+ Ke8 48.Qxh5+
Qf7 49.Qh6 Kd7 50.Be5 Qe6 51.Qd2+ Kc6 52.Qc3+ Kb5 53.Qd3+ Qc4 54.Qd7+ Ka5
55.Bc7+ Kb4 56.Bf4 {#r} 1-0

[Event "Zt (cat.7)"]
[Site "masterchessopen.com - Kavala (Greece)"]
[Round "0"]
[White "Skalkotas Nikolaos (GRE)"]
[Black "Soylu Suat (TUR)"]
[Result "0-1"]
[WhiteElo "2178"]
[BlackElo "2409"]

1.d4 Nf6 2.c4 c5 3.d5 e6 4.Nc3 exd5 5.cxd5 d6 6.Nf3 g6 7.Nd2 Bg7 8.e4 O-O
9.Be2 Re8 10.O-O Nbd7 11.a4 Ne5 12.Re1 Nfg4 13.Nf1 f5 14.h3 Nh6 15.Ng3 Rf8
16.exf5 Nxf5 17.Nxf5 Bxf5 18.Be3 Qh4 19.Qd2 Bxh3 20.gxh3 Rf3 21.Bf1 Rxh3
22.Bg2 Qg4 23.Kf1 Rf8 24.Qd1 Nf3 25.Bxf3 Rfxf3 26.a5 Rh1+ {#R} 0-1

[Event "?"]
[Site "masterchessopen.com - Kazan (Russia)"]
[Round "0"]
[White "Averkin Orest N (RUS)"]
[Black "Pigusov Evgeny (RUS)"]
[Result "0-1"]
[WhiteElo "2376"]
[BlackElo "2490"]

1.d4 Nf6 2.c4 c5 3.d5 e6 4.Nc3 exd5 5.cxd5 d6 6.Nf3 g6 7.Nd2 Bg7 8.e4 O-O
9.Be2 Re8 10.O-O Nbd7 11.a4 Ne5 12.Ra3 g5 13.Qc2 g4 14.Nd1 Ng6 15.Ne3 Qe7
16.Bb5 Rf8 17.a5 Rb8 18.Rd1 h6 19.Rb3 Nh7 20.Nf5 Bxf5 21.exf5 Ne5 22.Ne4 Nf6
23.h3 Nxe4 24.Qxe4 Qh4 25.Rg3 h5 26.Bf4 a6 27.Be2 Rfe8 28.Qc2 b6 29.hxg4 hxg4
30.Qd2 bxa5 31.Bg5 Qh8 32.Bxg4 Rxb2 33.Qxb2 Nxg4 34.Rxg4 Qh5 35.Bf6 Qxg4
36.Rd3 Qh4 37.Re3 Bxf6 38.Rxe8+ Kg7 39.Qe2 Be5 40.g3 Qg5 41.Qf3 a4 42.Ra8 Bb2
43.Qh1 Qc1+ 44.Kg2 Qxh1+ 45.Kxh1 a3 46.Rxa6 c4 {#R} 0-1

[Event "Zt"]
[Site "masterchessopen.com - Canada"]
[Round "0"]
[White "Schleifer Michael (CAN)"]
[Black "Hawkes Rob (CAN)"]
[Result "0-1"]
[WhiteElo "2339"]
[BlackElo "2300"]

1.d4 Nf6 2.c4 c5 3.d5 d6 4.Nc3 g6 5.Nf3 Bg7 6.e4 O-O 7.Be2 e6 8.O-O exd5
9.cxd5 Re8 10.Nd2 Nbd7 11.f4 c4 12.e5 dxe5 13.Nxc4 a6 14.Be3 exf4 15.Bxf4 Ne4
16.Nxe4 Rxe4 17.Qc2 Qe7 18.Bd3 Rxf4 19.Rxf4 b5 20.Kh1 bxc4 21.Rxc4 Bb7 22.Be4
Be5 23.Bf3 Qd6 24.Qb3 Rb8 25.Rb4 Nc5 26.Qe3 Re8 27.Re1 Nd3 28.Rb6 Qd8 29.Rf1
Bc7 30.Re6 fxe6 31.Qxd3 Qd6 {#R} 0-1

[Event "It (open)"]
[Site "masterchessopen.com - Hastings (England)"]
[Round "0"]
[White "Karolyi Tibor Jr (HUN)"]
[Black "Timmer Robert (NED)"]
[Result "1-0"]
[WhiteElo "2410"]
[BlackElo "2295"]

1.d4 Nf6 2.c4 e6 3.Nf3 c5 4.d5 exd5 5.cxd5 g6 6.Nc3 d6 7.e4 Bg7 8.Be2 O-O
9.O-O Re8 10.Nd2 Nbd7 11.a4 Ne5 12.Ra3 g5 13.Qc2 a6 14.a5 g4 15.b3 Qe7 16.Na4
Nh5 17.Nb6 Rb8 18.g3 Nf6 19.Ra4 h5 20.Bb2 Nh7 21.b4 Bd7 22.Nxd7 Nxd7 23.Bxg7
Kxg7 24.b5 b6 25.axb6 axb5 26.Bxb5 Rxb6 27.Bxd7 Qxd7 28.Nc4 Rb4 29.Ra6 Qb5
30.Nxd6 Qxa6 31.Nxe8+ Kg8 32.e5 Ng5 33.Nf6+ Kg7 34.Qf5 Nf3+ 35.Kg2 Qxf1+
36.Kxf1 Rb1+ 37.Qxb1 Nd2+ 38.Ke2 Nxb1 39.Kd3 Na3 40.Nxh5+ {#r} 1-0

[Event "?"]
[Site "masterchessopen.com - Iceland"]
[Round "0"]
[White "Kraidman Yair (ISR)"]
[Black "Manor Ilan (ISR)"]
[Result "1-0"]
[WhiteElo "2440"]
[BlackElo "2476"]

1.d4 Nf6 2.c4 c5 3.d5 e6 4.Nc3 exd5 5.cxd5 d6 6.Nf3 g6 7.e4 Bg7 8.Be2 O-O
9.O-O Re8 10.Nd2 Nbd7 11.a4 Ne5 12.Ra3 g5 13.Re1 g4 14.Nf1 Nh5 15.Ng3 Nxg3
16.hxg3 a6 17.a5 Rb8 18.Bd2 f5 19.Bf1 Qf6 20.Qc1 Qg6 21.exf5 Bxf5 22.Ne2 Qf7
23.Nf4 Ng6 24.Nxg6 Bxg6 25.Rxe8+ Rxe8 26.Bf4 Bd4 27.Rb3 Be4 28.Rb6 Rd8 29.Be3
Bg7 30.b4 cxb4 31.Rxb4 Re8 32.Bh6 Bf6 33.Qf4 Bxd5 34.Qxd6 Qe6 35.Qxe6+ Rxe6
36.Rxg4+ Kf7 37.Bd3 Re1+ 38.Kh2 Re5 39.Bd2 Rh5+ 40.Kg1 Ke6 41.Rg8 Ba2 42.Re8+
Kf7 43.Re2 Rd5 44.Be4 Rd4 45.Bf4 Bd5 46.Bxh7 Rd1+ 47.Kh2 Bc3 48.g4 Bxa5 49.g5
Re1 50.Re5 Rd1 51.Bc2 Rd4 52.Rxd5 Rxd5 53.Bb3 Ke6 54.Bb8 Bb4 55.g6 Bc3 56.g4
a5 57.f4 a4 58.f5+ Kf6 59.Bxd5 {#r} 1-0

[Event "?"]
[Site "masterchessopen.com - URS"]
[Round "0"]
[White "Podgaets Mikhail (UKR)"]
[Black "Zaichik Gennadi (USA)"]
[Result "1-0"]
[WhiteElo "2465"]
[BlackElo "2490"]

1.d4 Nf6 2.Nf3 e6 3.c4 c5 4.d5 exd5 5.cxd5 d6 6.Nc3 g6 7.e4 Bg7 8.Be2 O-O
9.O-O Re8 10.Nd2 Nbd7 11.a4 Ne5 12.Qc2 Nh5 13.Bxh5 gxh5 14.Nd1 b6 15.Ra3 Ba6
16.Re1 c4 17.Ne3 Nd3 18.Rf1 Rc8 19.Nf5 Be5 20.f4 c3 21.fxe5 cxb2 22.Nh6+ Kg7
23.Qxb2 Rxc1 24.Nf5+ Kg8 25.Rxd3 {#r} 1-0

[Event "Memorial T.Petrosian"]
[Site "masterchessopen.com - Yerevan (Armenia)"]
[Round "0"]
[White "Grigorian Karen (RUS)"]
[Black "Psakhis Lev (ISR)"]
[Result "0-1"]
[WhiteElo "2405"]
[BlackElo "2555"]

1.d4 Nf6 2.c4 e6 3.Nc3 c5 4.d5 exd5 5.cxd5 d6 6.Nf3 g6 7.Nd2 Bg7 8.e4 O-O
9.Be2 Re8 10.O-O Nbd7 11.a4 g5 12.Qc2 Ne5 13.Ra3 a6 14.a5 g4 15.Nd1 Nh5 16.g3
Nf6 17.Ne3 Qe7 18.Rb3 h5 19.Rb6 Bh6 20.Ndc4 Bxe3 21.Bxe3 Nxc4 22.Bxc4 Nd7
23.Rb3 Qxe4 24.Bd3 Qe7 25.Bf4 Qf6 26.Kh1 Ne5 27.Re1 b5 28.axb6 Bb7 29.Be4 Nf3
30.Rxf3 gxf3 31.Rd1 Bc8 32.b4 cxb4 33.Bxf3 Bf5 34.Qc6 b3 35.b7 Rad8 36.h4 Bc2
37.Rc1 Qf5 38.Qb6 Rb8 39.Kg2 Re7 40.Qxd6 Rexb7 41.Re1 b2 42.Re5 b1=Q 43.Rxf5
Bxf5 {#R} 0-1

[Event "Ch Europe (juniors)"]
[Site "masterchessopen.com - Arnhem (Netherlands)"]
[Round "0"]
[White "Pieniazek Andrzej (POL)"]
[Black "Norwood David (ENG)"]
[Result "1-0"]
[WhiteElo "2200"]
[BlackElo "2405"]

1.d4 Nf6 2.c4 e6 3.Nc3 c5 4.d5 exd5 5.cxd5 d6 6.e4 g6 7.Nf3 Bg7 8.Be2 O-O
9.O-O Re8 10.Nd2 Nbd7 11.h3 g5 12.Nc4 Nxe4 13.Nxe4 Rxe4 14.Nxd6 Rd4 15.Qc2 Nb6
16.Nxc8 Rxc8 17.Be3 Rb4 18.Bg4 Rxb2 19.Qc1 Rb4 20.Bxc8 Rc4 21.Bxb7 Rxc1
22.Raxc1 Bd4 23.Bxd4 cxd4 24.Rfd1 Qf6 25.Rc2 Na4 26.Rc6 Qe7 27.Ba6 Qe5 28.d6
Nb6 29.Bc4 Kg7 30.Bb3 h5 31.Rc7 Qxd6 32.Rxf7+ Kg6 33.Rxa7 Nd5 34.Rxd4 Qb6
35.Rda4 Nb4 36.a3 Qc5 37.axb4 Qc1+ 38.Kh2 Qf4+ 39.Kg1 Qc1+ 40.Bd1 Qxd1+ 41.Kh2
Qd6+ 42.g3 Qd4 43.R4a6+ Kf5 44.Rf7+ Ke4 45.Re6+ Kd3 46.Re3+ Kd2 47.Rf5 Qd8
48.Ree5 Qb6 49.b5 h4 50.g4 Kd3 51.Kg2 Qb7+ 52.Rf3+ Kd2 53.Rxg5 Qe4 54.Rf5 Qa8
55.b6 Qb7 56.Rf6 Ke2 57.Re6+ Kd2 58.Rd6+ Kc2 59.g5 Qe7 60.Rd5 Qe4 61.b7 Qb4
62.Rd4 {#r} 1-0

[Event "It"]
[Site "masterchessopen.com - Budapest (Hungary)"]
[Round "6"]
[White "Farago Ivan (HUN)"]
[Black "Hardicsay Peter (HUN)"]
[Result "0-1"]
[WhiteElo "2535"]
[BlackElo "2266"]

1.d4 Nf6 2.c4 e6 3.Nf3 c5 4.d5 exd5 5.cxd5 d6 6.Nc3 g6 7.Nd2 Bg7 8.e4 O-O
9.Be2 Re8 10.O-O Nbd7 11.a4 Ne5 12.Ndb1 Nfg4 13.Na3 f5 14.exf5 Bxf5 15.h3 Nf6
16.Bb5 Rf8 17.Re1 Nh5 18.Ne4 h6 19.Nc4 a6 20.Nxe5 Bxe5 21.Bd3 Qh4 22.Re2 Bxh3
23.gxh3 Qxh3 24.Ng3 Nxg3 25.fxg3 Bd4+ 26.Be3 Rf3 27.Rh2 Qxg3+ 28.Kh1 Bxe3
29.Qe2 Raf8 30.Qg2 Kg7 31.Qxg3 Rxg3 32.Re1 Rf4 33.b3 h5 34.Bc4 Kh6 35.Bd3 Bf2
36.Rd1 Bd4 37.Bc2 Rfg4 38.Re2 Be5 {#R} 0-1

[Event "Ch Club Argentino"]
[Site "masterchessopen.com - Buenos Aires (Argentina)"]
[Round "6"]
[White "Schwanek Carlos (ARG)"]
[Black "Garcia Raimundo (ARG)"]
[Result "1-0"]
[WhiteElo "2375"]
[BlackElo "2327"]

1.d4 e6 2.c4 c5 3.d5 exd5 4.cxd5 d6 5.Nc3 g6 6.Nf3 Bg7 7.e4 Nf6 8.Nd2 O-O
9.Be2 Re8 10.O-O g5 11.Re1 Nbd7 12.a4 Ne5 13.Nf1 h6 14.Qc2 a6 15.Ng3 Ng6
16.Nd1 Qe7 17.f3 g4 18.Bd2 gxf3 19.gxf3 Kh8 20.Kh1 Bd7 21.Ne3 Nh4 22.Rf1 b5
23.axb5 axb5 24.Rxa8 Rxa8 25.Qc1 Qf8 26.Qe1 Re8 27.Nh5 Nxh5 28.Qxh4 Nf6 29.Bc3
Qe7 30.Bxb5 {#r} 1-0

[Event "Ch China (team)"]
[Site "masterchessopen.com - China"]
[Round "0"]
[White "Xu Jun (CHN)"]
[Black "Wang Zili (CHN)"]
[Result "1-0"]
[WhiteElo "2495"]
[BlackElo "2488"]

1.d4 Nf6 2.Nf3 g6 3.c4 c5 4.d5 Bg7 5.Nc3 e6 6.e4 exd5 7.cxd5 d6 8.Be2 O-O
9.O-O Re8 10.Nd2 Nbd7 11.Qc2 Ne5 12.b3 g5 13.Bb2 Ng6 14.Rfe1 Ng4 15.Nd1 Bxb2
16.Qxb2 N4e5 17.Qc2 Qf6 18.Ne3 Nf4 19.Bf1 Bd7 20.a4 h5 21.Ra2 h4 22.Ndc4 g4
23.Nxe5 Rxe5 24.Nc4 Rg5 25.Qb2 Qh6 26.Qd2 Qf6 27.Nxd6 Qxd6 28.g3 Nh3+ 29.Bxh3
Re5 30.Bg2 Rae8 31.Raa1 Qb6 32.a5 Qg6 33.Qc3 Qf6 34.Rf1 h3 35.Bh1 Qe7 36.Qd2
Bb5 37.Rfd1 Rxe4 38.d6 Qe6 39.Bxe4 Qxe4 40.Qd5 Qg6 41.Qxb7 Be2 42.d7 Rd8
43.Re1 Qf6 44.Qe4 Bf3 45.Qe8+ Kg7 46.Ra4 Qc3 47.Rf1 {#r} 1-0

[Event "?"]
[Site "masterchessopen.com - Dortmund (Germany)"]
[Round "1"]
[White "Scheffner Axel Dr (GER)"]
[Black "Sondermann Johannes (GER)"]
[Result "0-1"]
[WhiteElo "2305"]
[BlackElo "2069"]

1.d4 Nf6 2.c4 c5 3.d5 e6 4.Nc3 exd5 5.cxd5 d6 6.e4 g6 7.Nf3 Bg7 8.Be2 O-O
9.O-O Re8 10.Nd2 a6 11.a4 Nbd7 12.Qc2 b6 13.Re1 Bb7 14.Rb1 Qc7 15.b3 Re7
16.Bb2 Rae8 17.f4 h6 18.Kf1 Qb8 19.Bf3 b5 20.Ne2 Rc8 21.Rbc1 c4 22.b4 g5 23.g3
a5 24.Bc3 Ba6 25.Rb1 axb4 26.Bxb4 g4 27.Bg2 c3 28.Nb3 bxa4 29.Na5 Nxd5 30.exd5
Rce8 31.Qf5 Rxe2 32.Rxe2 Rxe2 33.Kg1 c2 34.Rf1 Rxg2+ {#R} 0-1

[Event "It (juniors)"]
[Site "masterchessopen.com - Espoo (Finland)"]
[Round "0"]
[White "Hakulinen Esko-Matti (FIN)"]
[Black "Kokkila Tero (FIN)"]
[Result "1-0"]
[WhiteElo "2328"]
[BlackElo "2330"]

1.d4 Nf6 2.Nf3 c5 3.d5 e6 4.c4 exd5 5.cxd5 d6 6.Nc3 g6 7.e4 Bg7 8.Be2 O-O
9.O-O Re8 10.Nd2 a6 11.a4 Nbd7 12.f3 Ne5 13.Kh1 Rb8 14.Nc4 Nxc4 15.Bxc4 Nd7
16.f4 Bxc3 17.bxc3 Rxe4 18.Bd3 Re8 19.a5 Nf6 20.f5 gxf5 21.Bg5 Re5 22.c4 f4
23.Bxf4 Rh5 24.Qf3 Ng4 25.Kg1 f5 26.h3 Nf6 27.Qg3+ {#r} 1-0

[Event "Bundesliga 1986/87"]
[Site "masterchessopen.com - Germany"]
[Round "0"]
[White "Muender Michael (GER)"]
[Black "Kaiser Wolfgang (GER)"]
[Result "0-1"]
[WhiteElo "2265"]
[BlackElo "2294"]

1.d4 Nf6 2.c4 c5 3.d5 e6 4.Nc3 exd5 5.cxd5 d6 6.e4 g6 7.Nf3 Bg7 8.Be2 O-O
9.O-O Re8 10.Nd2 Nbd7 11.f4 c4 12.Bf3 b5 13.Kh1 Rb8 14.a4 a6 15.axb5 axb5
16.Qc2 Nc5 17.h3 b4 18.Na4 Ra8 19.e5 Nh5 20.Bxh5 b3 21.Qd1 Nxa4 22.Nxc4 dxe5
23.fxe5 gxh5 24.Qf3 Rf8 25.Bf4 Bd7 26.Nd6 h4 27.Qxb3 Nc5 28.Qc4 Rxa1 29.Rxa1
Qb6 30.b4 Nb7 31.Qa6 Qxb4 32.Nc4 Bb5 33.Qxb7 Qxc4 34.Bh2 Qd4 35.Re1 Bc4 36.d6
Bd5 37.Qe7 Qd2 38.Qxh4 Qxg2# 0-1

[Event "Bundesliga 1987/88"]
[Site "masterchessopen.com - Germany"]
[Round "0"]
[White "Hachmeister Dirk (GER)"]
[Black "Hengelbrock Joachim (GER)"]
[Result "0-1"]
[WhiteElo "2286"]
[BlackElo "2299"]

1.d4 Nf6 2.c4 c5 3.d5 e6 4.Nc3 exd5 5.cxd5 d6 6.e4 g6 7.Nf3 Bg7 8.Be2 O-O
9.O-O Re8 10.Nd2 a6 11.a4 Nbd7 12.f3 Ne5 13.f4 Neg4 14.Nc4 h5 15.Bf3 Nxe4
16.Nxe4 Rxe4 17.Bxe4 Bd4+ 18.Be3 Bxe3+ 19.Nxe3 Nxe3 20.Qd3 Nxf1 21.Bxg6 Qf6
22.Bh7+ Kh8 23.Rxf1 Bd7 24.Be4 Re8 25.Bf3 Bxa4 26.Bxh5 Bb5 27.Qh3 Kg7 28.Qg3+
Kf8 29.Rd1 Qxb2 30.h4 Qg7 31.Qf2 Qc3 32.Kh1 Qe3 33.Qb2 Qg3 34.Qh8+ Ke7 35.Qh7
Qxh4+ 36.Kg1 Rf8 37.Qf5 Bd7 38.Qe4+ Kd8 39.Qe2 Qxf4 40.Qb2 Bb5 41.Qg7 Qe3+
42.Kh1 Qe7 43.Bg4 f5 44.Qc3 fxg4 45.Re1 Qh4+ 46.Kg1 {#R} 0-1

[Event "?"]
[Site "masterchessopen.com - Leningrad (Russia)"]
[Round "0"]
[White "Traito K (RUS)"]
[Black "Agapov K (RUS)"]
[Result "1-0"]
[WhiteElo "2245"]
[BlackElo "2395"]

1.d4 Nf6 2.c4 c5 3.d5 e6 4.Nc3 exd5 5.cxd5 d6 6.e4 g6 7.Nf3 Bg7 8.Be2 O-O
9.Nd2 Re8 10.O-O Nbd7 11.a4 Ne5 12.Ndb1 h5 13.h3 Nh7 14.f4 Ng4 15.Qe1 Nh6
16.f5 gxf5 17.Bxh5 Kh8 18.Bxh6 Bxh6 19.Bxf7 Re5 20.Nd2 Ng5 21.Bg6 fxe4
22.Ndxe4 Qe7 23.Kh1 Nxe4 24.Nxe4 Qg7 25.Qg3 Bf5 26.Bxf5 Qe7 27.Qg6 {#r} 1-0

[Event "It (open)"]
[Site "masterchessopen.com - Luxembourg"]
[Round "0"]
[White "Huss Andreas (SUI)"]
[Black "Jadoul Michel (BEL)"]
[Result "1-0"]
[WhiteElo "2308"]
[BlackElo "2316"]

1.d4 Nf6 2.Nf3 c5 3.d5 e6 4.c4 exd5 5.cxd5 d6 6.Nc3 g6 7.e4 Bg7 8.Be2 O-O
9.O-O Re8 10.Nd2 Nbd7 11.a4 Ne5 12.Qc2 g5 13.Nc4 Nxc4 14.Bxc4 Ng4 15.Ne2 Qe7
16.Ng3 Bd4 17.Bb5 Rf8 18.Ra3 a6 19.Be2 Qe5 20.Bxg4 Bxg4 21.Kh1 f5 22.f4 gxf4
23.Bxf4 Qf6 24.Bd2 f4 25.Rxf4 Qxf4 26.Bxf4 Rxf4 27.h3 Bd7 28.Rf3 Raf8 29.Nh5
Rxf3 30.gxf3 Kh8 31.Qh2 Be5 32.f4 Bd4 33.Qg3 Be8 34.Qh4 Bg6 35.e5 Kg8 36.Nf6+
Kg7 37.Qg5 h6 38.Qg3 Kf7 39.Qg4 dxe5 40.fxe5 Kg7 41.Qd7+ Rf7 42.Qe6 {#r} 1-0

[Event "?"]
[Site "masterchessopen.com - Wijk aan Zee (Netherlands)"]
[Round "3"]
[White "Douven Rudy C (NED)"]
[Black "Van Baarle C John (NED)"]
[Result "1-0"]
[WhiteElo "2389"]
[BlackElo "2212"]

1.d4 Nf6 2.c4 e6 3.Nf3 c5 4.d5 exd5 5.cxd5 d6 6.Nc3 g6 7.e4 Bg7 8.Nd2 O-O
9.Be2 Re8 10.O-O Nbd7 11.Re1 a6 12.a4 Ne5 13.Nf1 Qc7 14.f4 Ned7 15.Qd3 b6
16.Bd2 Bb7 17.Ne3 Rac8 18.Nc4 Ba8 19.Bf3 Qb8 20.Qc2 b5 21.axb5 axb5 22.Rxa8
Qxa8 23.Nxd6 b4 24.Nd1 Qa2 25.Nxe8 Rxe8 26.d6 Rb8 27.e5 Nd5 28.Bg4 b3 29.Qc4
N5b6 30.Qb5 Nf8 31.Qxc5 {#r} 1-0

[Event "It (open)"]
[Site "masterchessopen.com - Bad Woerishofen (Germany)"]
[Round "0"]
[White "Meduna Eduard (CZE)"]
[Black "Szabo Laszlo (GER)"]
[Result "1-0"]
[WhiteElo "2505"]
[BlackElo "2200"]

1.d4 Nf6 2.c4 c5 3.d5 g6 4.Nc3 Bg7 5.e4 d6 6.Be2 O-O 7.Nf3 e6 8.Nd2 exd5
9.cxd5 Re8 10.O-O b6 11.a4 Ba6 12.Bxa6 Nxa6 13.Re1 Nd7 14.f4 Bd4+ 15.Kh1 Qh4
16.Nf3 Qf6 17.Nb5 Rec8 18.Ra3 Nb4 19.Rb3 a5 20.Bd2 Bxb2 21.Bxb4 axb4 22.e5
dxe5 23.Rxb2 e4 24.Ne5 Nxe5 25.fxe5 Qxe5 26.Rbe2 f5 27.Qb3 Kh8 28.d6 Rd8
29.Rd2 Rd7 30.Rd5 Qf6 31.h3 h6 32.Qc2 Kh7 33.Rf1 e3 34.Re1 Rc8 35.a5 bxa5
36.Rxc5 f4 37.Rc7 Rd8 38.Qc6 Qf7 39.Rc1 Kh8 40.Nd4 b3 41.Nxb3 f3 42.Qc3+ Kg8
43.Qxe3 fxg2+ 44.Kg1 Re8 45.Rxd7 Qxd7 46.Qd3 Qe6 47.d7 Qb6+ 48.Qd4 {#r} 1-0

[Event "It (open)"]
[Site "masterchessopen.com - Badenweiler (Germany)"]
[Round "4"]
[White "Barlov Dragan (SRB)"]
[Black "Ilic Dragan B (SRB)"]
[Result "1-0"]
[WhiteElo "2485"]
[BlackElo "2266"]

1.d4 Nf6 2.Nf3 g6 3.c4 Bg7 4.Nc3 O-O 5.e4 c5 6.d5 e6 7.Be2 exd5 8.cxd5 Re8
9.Nd2 d6 10.O-O a6 11.a4 b6 12.Qc2 Nbd7 13.Nc4 Ne5 14.Na3 Nh5 15.Be3 Ng4
16.Bxg4 Bxg4 17.Nc4 Rb8 18.f3 Bc8 19.g4 Nf6 20.Bf4 Bf8 21.Rfd1 b5 22.axb5 axb5
23.Na5 Nxg4 24.fxg4 Bxg4 25.Rf1 Ra8 26.Nc6 Qb6 27.Rxa8 Rxa8 28.Qg2 c4+ 29.Kh1
Bd7 30.e5 dxe5 31.Nxe5 Be8 32.Bg3 Bg7 33.d6 Rd8 34.Nd5 Qxd6 35.Nxg6 {#r} 1-0